A tisztviselő-kiskertek alkonya
Elmentve itt :
| Dokumentumtípus: | Cikk |
|---|---|
| Megjelent: |
1924-07-18
|
| Sorozat: | Délmagyarország
5 No. 163 |
| Kulcsszavak: | Kiss Ferenc, Rezső Sándor, Földbérlet Szeged 1924, Szeged |
| Online Access: | http://dmarchiv.bibl.u-szeged.hu/45475 |
| LEADER | 00448nab a2200145 i 4500 | ||
|---|---|---|---|
| 001 | delm45475 | ||
| 005 | 20180927131918.0 | ||
| 008 | 180927s1924 hu o 0|| hun d | ||
| 040 | |a SZTE Délmagyarország Archívum |b hun | ||
| 041 | |a hun | ||
| 245 | 0 | 2 | |a A tisztviselő-kiskertek alkonya |h [elektronikus dokumentum] |
| 260 | |c 1924-07-18 | ||
| 300 | |a 3 | ||
| 490 | 0 | |a Délmagyarország |v 5 No. 163 | |
| 695 | |a Kiss Ferenc, Rezső Sándor, Földbérlet Szeged 1924, Szeged | ||